Top 15 non-English Languages by State (Idaho) - Statistics

General Stats
  • This quiz has been taken 19 times
  • The average score is 10 of 15
Answer Stats
Answer % Correct
Spanish
100%
German
95%
French
89%
Russian
89%
Chinese
84%
Japanese
84%
Arabic
79%
Korean
79%
Tagalog
74%
Vietnamese
74%
Persian
63%
Ukrainian
58%
Romanian
47%
Serbo-Croatian
11%
Sudan
0%
No matching quizzes found
Score Distribution
Percent of People with Each Score
Percentile by Number Answered
Your Score History
You have not taken this quiz